000 01597cam a22003134a 4500
999 _c126284
_d126284
001 14765191
003 ARRUPE
005 20170315082527.0
008 070312s2007 nyu b 001 0 eng
010 _a 2007009863
020 _a9781580462679 (hardcover : alk. paper)
020 _a1580462677
040 _aDLC
_cDLC
_dDLC
043 _af------
050 0 0 _aHC800.Z65
_bA43 2007
082 0 0 _a303.6096
_222
100 1 _aAlao, Abiodun.
_927542
245 1 0 _aNatural resources and conflict in Africa :
_bthe tragedy of endowment /
_cAbiodun Alao.
260 _aRochester, NY :
_bUniversity of Rochester Press,
_c2007.
300 _axix,353 p. ;
_c24 cm.
490 0 _aRochester studies in African history and the Diaspora,
_x1092-5228 ;
_vv. 29
504 _aIncludes bibliographical references and index.
505 0 _aNatural resources and conflict in Africa : framework for understanding a linkage -- Political geography of natural resources in Africa -- Land and conflict -- The conflicts over solid minerals -- Conflicts involving oil -- Water and conflict -- Governance and natural resource conflicts.
650 0 _aNatural resources
_zAfrica.
_929371
650 0 _aNatural resources
_xPolitical aspects
_zAfrica.
_929372
650 0 _aConflict management
_zAfrica.
_924500
856 4 1 _3Table of contents only
_uhttp://www.loc.gov/catdir/toc/ecip0712/2007009863.html
906 _a7
_bcbc
_corignew
_d1
_eecip
_f20
_gy-gencatlg
942 _2lcc
_cMONOGRAPH